Cargando…

Lalo : My Life and Music /

Detalles Bibliográficos
Autor principal: Guerrero, Lalo
Otros Autores: Meece Mentes, Sherilyn
Formato: Electrónico eBook
Idioma:Inglés
Publicado: Tucson : University of Arizona Press, 2002.
Colección:Book collections on Project MUSE.
Temas:
Acceso en línea:Texto completo

MARC

LEADER 00000cam a22000004a 4500
001 musev2_85536
003 MdBmJHUP
005 20230905052803.0
006 m o d
007 cr||||||||nn|n
008 040419s2002 azu o 00 0 eng d
020 |a 9780816546503 
020 |z 9780816522132 
020 |z 9780816522149 
035 |a (OCoLC)1273306614 
040 |a MdBmJHUP  |c MdBmJHUP 
100 1 |a Guerrero, Lalo. 
245 1 0 |a Lalo :   |b My Life and Music /   |c Lalo Guerrero, Sherilyn Meece Mentes. 
264 1 |a Tucson :  |b University of Arizona Press,  |c 2002. 
264 3 |a Baltimore, Md. :  |b Project MUSE,   |c 2021 
264 4 |c ©2002. 
300 |a 1 online resource (246 pages):   |b illustrations ; 
336 |a text  |b txt  |2 rdacontent 
337 |a computer  |b c  |2 rdamedia 
338 |a online resource  |b cr  |2 rdacarrier 
588 |a Description based on print version record. 
600 1 6 |a Guerrero, Lalo. 
650 6 |a Musiciens americains d'origine mexicaine  |v Biographies. 
655 7 |a Electronic books.   |2 local 
700 1 |a Meece Mentes, Sherilyn. 
710 2 |a Project Muse.  |e distributor 
830 0 |a Book collections on Project MUSE. 
856 4 0 |z Texto completo  |u https://projectmuse.uam.elogim.com/book/85536/ 
945 |a Project MUSE - Custom Collection